书目信息 |
| 书名: | Little Secrets | |
| 作者: | Emily Blake | |
| 分册号: | ||
| 分册名: | 出版地: | USA |
|
| 出版社: | Scholastic Paperbacks | |
| 出版时间: | 2006 | |
| 页数: | 143P | |
| 开本: | 23CM | |
| 丛书名: | ||
| 中图分类号: | ||
| 科图分类号: | ||
| 其他分类号: | I712.45 | |
| 主题词: | ||
| 电子资源: | ||
| 000 | 00382nam0 2200145 450 | |
| 001 | 202012001963 | |
| 005 | 20121116102348.0 | |
| 008 | 12111601s | |
| 020 | @a9780439829137@c$6.99 | |
| 099 | @dI712.45@eE539 | |
| 245 | 10 | @a Little Secrets @c Emily Blake |
| 260 | 0 | @aUSA@bScholastic Paperbacks@c2006 |
| 300 | @a143P@c23CM | |
| 905 | @b11760 | |
| 905 | @aTSG@dI712.45@eE539 | |
| Little Secrets / Emily Blake.-USA : Scholastic Paperbacks , 2006 |
| 143P ; 23CM |
| ISBN 9780439829137$6.99 |
| ● |
| 相关链接 |
|
|
|
正题名:Little Secrets
索取号:I712.45/E539
 
预约/预借
| 序号 | 登录号 | 条形码 | 馆藏地/架位号 | 状态 | 备注 |